[Event "I Torneo internazionale A"]
[Site "Alghero ITA"]
[Date "2011.08.26"]
[Round "1"]
[White "Avrukh, Boris"]
[Black "Guramishvili, Sopiko"]
[Result "1-0"]
[WhiteElo "2600"]
[BlackElo "2329"]
[PlyCount "65"]
[EventDate "2011.08.26"]

1. d4 d5 2. c4 c6 3. Nc3 dxc4 4. e3 b5 5. a4 b4 6. Ne4 Qd5 7. Ng3 Nf6 8. Be2
Nbd7 9. Nf3 e5 10. O-O Bd6 11. e4 Nxe4 12. Nxe4 Qxe4 13. Bxc4 O-O 14. Re1 Qg4
15. Bd3 Qh5 16. Re4 f5 17. Rh4 Qg6 18. Ng5 h6 19. Bc4+ Kh8 20. Ne6 Rf6 21. dxe5
Bxe5 22. Nf4 Qe8 23. Nd3 Rd6 24. Qe1 Qe7 25. Rh3 Rd4 26. Bxh6 gxh6 27. Rxh6+
Kg7 28. Re6 Bxh2+ 29. Kf1 Qg5 30. Re7+ Kh6 31. Qe6+ Qg6 32. Qe3+ Qg5 33. Rh7+
1-0

[Event "I Torneo internazionale A"]
[Site "Alghero ITA"]
[Date "2011.08.26"]
[Round "1"]
[White "Muhren, Bianca"]
[Black "Gleizerov, Evgeny"]
[Result "0-1"]
[WhiteElo "2307"]
[BlackElo "2590"]
[PlyCount "102"]
[EventDate "2011.08.26"]

1. e4 e6 2. d4 d5 3. Nd2 Nf6 4. e5 Nfd7 5. Bd3 c5 6. c3 Nc6 7. Ne2 cxd4 8. cxd4
f6 9. exf6 Qxf6 10. Nf3 h6 11. O-O Bd6 12. Ng3 O-O 13. Bc2 Rf7 14. Nh5 Qd8 15.
Bg6 Re7 16. Bf4 Nf8 17. Bc2 Rf7 18. Qd2 Bxf4 19. Nxf4 Qd6 20. Ng6 Nxg6 21. Bxg6
Rxf3 22. gxf3 e5 23. Qd3 e4 24. Bxe4 dxe4 25. fxe4 Qxd4 26. Qxd4 Nxd4 27. Rad1
Nf3+ 28. Kg2 Ng5 29. Rd8+ Kf7 30. Rfd1 Ne6 31. R8d6 g5 32. Kg3 b6 33. e5 Kg6
34. h4 Kf5 35. hxg5 hxg5 36. Re1 Rb8 37. f3 Rb7 38. Rc6 Bd7 39. Rc2 Be8 40. Rh2
Rd7 41. Rc2 Rd3 42. Kf2 Bh5 43. Rc3 Rd8 44. Ree3 Bg6 45. Ra3 Rd7 46. Re1 Nf4
47. e6 Nxe6 48. Rae3 Nf4 49. Re7 Rd2+ 50. Ke3 Rxb2 51. Kd4 Rb4+ 0-1

[Event "I Torneo internazionale A"]
[Site "Alghero ITA"]
[Date "2011.08.26"]
[Round "1"]
[White "Brunello, Sabino"]
[Black "Villegas, Pierre"]
[Result "1-0"]
[WhiteElo "2552"]
[BlackElo "2255"]
[PlyCount "95"]
[EventDate "2011.08.26"]

1. c4 Nf6 2. g3 c6 3. Nf3 d5 4. Bg2 Bg4 5. Ne5 Be6 6. cxd5 Bxd5 7. Nf3 c5 8.
Nc3 Bc6 9. O-O e6 10. d3 Be7 11. e4 O-O 12. Qe2 Nbd7 13. d4 cxd4 14. Nxd4 e5
15. Nxc6 bxc6 16. Rd1 Qc7 17. Be3 Bc5 18. Na4 Bxe3 19. Qxe3 Rfd8 20. Bh3 Nb6
21. Nc5 Rxd1+ 22. Rxd1 Rd8 23. Rd3 Rxd3 24. Qxd3 Kf8 25. Na6 Qe7 26. b4 Ne8 27.
Nc5 Qd6 28. Qa6 Qc7 29. a4 Nd6 30. Qe2 Qe7 31. a5 Nbc4 32. Bd7 Qg5 33. Bxc6
Qc1+ 34. Kg2 Nxa5 35. Qa6 Nac4 36. Bd5 Nb6 37. Qxa7 Nxd5 38. exd5 Nc4 39. Qd7
g6 40. Ne6+ fxe6 41. dxe6 Ne3+ 42. Kf3 e4+ 43. Kxe4 Qc4+ 44. Kxe3 Qb3+ 45. Ke2
Qc2+ 46. Kf3 Qf5+ 47. Ke3 Qe5+ 48. Kd3 1-0

[Event "I Torneo internazionale A"]
[Site "Alghero ITA"]
[Date "2011.08.26"]
[Round "1"]
[White "Borsos, Bogdan"]
[Black "Kogan, Artur"]
[Result "0-1"]
[WhiteElo "2253"]
[BlackElo "2548"]
[PlyCount "56"]
[EventDate "2011.08.26"]

1. e4 c5 2. Nf3 Nc6 3. c3 e6 4. d4 d5 5. exd5 exd5 6. Bb5 Bd6 7. Be3 c4 8. Ne5
Nge7 9. O-O O-O 10. f4 Qb6 11. Bxc6 bxc6 12. b3 f6 13. Nf3 Bf5 14. Rf2 Rfe8 15.
Bc1 Rab8 16. b4 a5 17. a3 Ra8 18. Bd2 Be4 19. Ra2 axb4 20. cxb4 Nf5 21. Nc3
Bxf3 22. Qxf3 Nxd4 23. Qh5 Bxf4 24. Na4 Qa7 25. Nc5 Bxd2 26. Raxd2 Qxa3 27. h3
Qg3 28. Qd1 Re1+ 0-1

[Event "I Torneo internazionale A"]
[Site "Alghero ITA"]
[Date "2011.08.26"]
[Round "1"]
[White "Cangiotti, Claudio"]
[Black "Vocaturo, Daniele"]
[Result "0-1"]
[WhiteElo "2197"]
[BlackElo "2537"]
[PlyCount "122"]
[EventDate "2011.08.26"]

1. Nf3 d6 2. g3 e5 3. d3 f5 4. Bg2 Nf6 5. c4 Be7 6. Nc3 O-O 7. O-O Kh8 8. Ne1
c6 9. Nc2 Be6 10. Rb1 a5 11. b3 Nbd7 12. a3 d5 13. e3 Bg8 14. Qe2 Qe8 15. Bd2
Qg6 16. Rbc1 Nc5 17. Rb1 e4 18. Ne1 dxc4 19. dxc4 Rfd8 20. Na4 Nxa4 21. bxa4
Rd7 22. Nc2 Qf7 23. Rfd1 Qxc4 24. Qxc4 Bxc4 25. Bf1 Bf7 26. Be2 Kg8 27. Kf1 Nd5
28. Be1 g6 29. h3 h5 30. Kg2 Kf8 31. Rb2 Bf6 32. Rbb1 Ke8 33. h4 Ra7 34. Nd4
Be7 35. Nc2 Bd6 36. Kg1 Be5 37. Nd4 Nf6 38. Nb3 Rxd1 39. Bxd1 Bc7 40. Nc5 b6
41. Nb3 Nd7 42. Nd4 Ne5 43. Be2 Bd5 44. Kf1 Ra8 45. Bc3 Rd8 46. Be1 Rd6 47. Bc3
Nd7 48. Rc1 Kd8 49. Be1 Kc8 50. Bd2 Kb7 51. Be1 Bd8 52. Rb1 Ka7 53. Rc1 Be7 54.
Bc3 Nb8 55. Bb2 Na6 56. Bc3 Rd7 57. Bb2 Nc5 58. Ba1 Kb7 59. Bd1 Nd3 60. Rc3 Bf6
61. Be2 c5 0-1

[Event "I Torneo internazionale A"]
[Site "Alghero ITA"]
[Date "2011.08.26"]
[Round "1"]
[White "Sprenger, Jan Michael"]
[Black "Ibba, Isacco"]
[Result "1/2-1/2"]
[WhiteElo "2515"]
[BlackElo "2191"]
[PlyCount "90"]
[EventDate "2011.08.26"]

1. e4 d5 2. exd5 Nf6 3. Nf3 Nxd5 4. d4 Bg4 5. Be2 Nc6 6. h3 Bxf3 7. Bxf3 e5 8.
dxe5 Ndb4 9. a3 Qxd1+ 10. Bxd1 Nd5 11. O-O O-O-O 12. Re1 Bc5 13. Nd2 Rhe8 14.
Nb3 Bd6 15. Bg5 Be7 16. Bd2 Nb6 17. Bg4+ Kb8 18. Bf3 Na4 19. Rab1 Nc5 20. Bxc6
bxc6 21. Bc3 Nxb3 22. cxb3 Rd3 23. Rbd1 Red8 24. Rxd3 Rxd3 25. Kf1 Kc8 26. Re4
Rd5 27. Ke2 Kd7 28. e6+ fxe6 29. Bxg7 Rg5 30. Rg4 Rxg4 31. hxg4 Kd6 32. f4 Kd5
33. Be5 Ke4 34. b4 Bd6 35. Bxd6 cxd6 36. g3 d5 37. a4 d4 38. b5 cxb5 39. axb5
h6 40. Kd2 e5 41. f5 Kd5 42. g5 hxg5 43. g4 e4 44. Ke2 Ke5 45. Kd2 Kd5 1/2-1/2

[Event "I Torneo internazionale A"]
[Site "Alghero ITA"]
[Date "2011.08.27"]
[Round "2"]
[White "Rombaldoni, Axel"]
[Black "Brunello, Sabino"]
[Result "1-0"]
[WhiteElo "2459"]
[BlackElo "2552"]
[PlyCount "69"]
[EventDate "2011.08.26"]

1. e4 e5 2. Nf3 Nc6 3. Bb5 a6 4. Ba4 Nf6 5. O-O Be7 6. Re1 b5 7. Bb3 O-O 8. d4
d6 9. c3 Bg4 10. Be3 exd4 11. cxd4 d5 12. e5 Ne4 13. Nc3 Nxc3 14. bxc3 Na5 15.
Bc2 Bh5 16. h3 Nc4 17. g4 Bg6 18. Bf5 a5 19. Qd3 Bxf5 20. gxf5 f6 21. Bf4 Qd7
22. e6 Qe8 23. Nh2 c6 24. Nf1 b4 25. Ne3 Qh5 26. Nxc4 dxc4 27. Qxc4 Qxh3 28.
Qxc6 Qxf5 29. Bg3 Rad8 30. c4 Rxd4 31. Rad1 Rxd1 32. Rxd1 Qc5 33. Qb7 Re8 34.
Rd7 h5 35. Rc7 1-0

[Event "I Torneo internazionale A"]
[Site "Alghero ITA"]
[Date "2011.08.27"]
[Round "2"]
[White "De Jong, Jan-Willem"]
[Black "Ulibin, Mikhail"]
[Result "1/2-1/2"]
[WhiteElo "2424"]
[BlackElo "2538"]
[PlyCount "100"]
[EventDate "2011.08.26"]

1. d4 e6 2. c4 f5 3. g3 Nf6 4. Bg2 c6 5. Qc2 d5 6. Nh3 Bd6 7. O-O O-O 8. Nc3
dxc4 9. e4 e5 10. exf5 exd4 11. Ne2 b5 12. Nxd4 Qb6 13. Ne6 Bxe6 14. fxe6 Na6
15. Ng5 Rae8 16. Be4 Nxe4 17. Qxe4 g6 18. Nf7 Nc7 19. Nxd6 Rxe6 20. Be3 c5 21.
Nxc4 Rxe4 22. Nxb6 axb6 23. Rfd1 b4 24. Rd7 Rf7 25. Rad1 Nb5 26. Rd8+ Kg7 27.
Rb8 Re6 28. Rdd8 Nd4 29. h4 Nf5 30. Bg5 Nh6 31. Rd2 Ng4 32. Bd8 Ne5 33. Re2
Nf3+ 34. Kf1 Nh2+ 35. Ke1 Nf3+ 36. Kf1 Rd6 37. Bxb6 Rd1+ 38. Kg2 Rg1+ 39. Kh3
Rh1+ 40. Kg2 Rg1+ 41. Kh3 Rc1 42. Kg2 c4 43. Re3 Rg1+ 44. Kh3 Rh1+ 45. Kg2 Rg1+
46. Kh3 Rh1+ 47. Kg2 Rh2+ 48. Kf1 Rh1+ 49. Kg2 Rh2+ 50. Kf1 Rh1+ 1/2-1/2

[Event "I Torneo internazionale A"]
[Site "Alghero ITA"]
[Date "2011.08.28"]
[Round "3"]
[White "Rombaldoni, Denis"]
[Black "Gleizerov, Evgeny"]
[Result "0-1"]
[WhiteElo "2495"]
[BlackElo "2590"]
[PlyCount "74"]
[EventDate "2011.08.26"]

1. d4 e6 2. c4 f5 3. g3 Nf6 4. Bg2 c6 5. Nf3 d5 6. Nbd2 Bd6 7. Ne5 O-O 8. Ndf3
b6 9. O-O Ne4 10. h4 Bb7 11. cxd5 exd5 12. Bf4 Nd7 13. Rc1 c5 14. dxc5 bxc5 15.
Nd3 Qe7 16. Ng5 h6 17. Nxe4 fxe4 18. Bxd6 Qxd6 19. Nf4 g5 20. hxg5 hxg5 21. Nh3
Qe7 22. f4 g4 23. Nf2 Nf6 24. e3 Bc8 25. Qc2 Ba6 26. Rfd1 Rac8 27. Qa4 Be2 28.
Rd2 Bf3 29. Bxf3 gxf3 30. g4 Qe6 31. Qb3 Rb8 32. Qc3 Nxg4 33. Rxd5 Qxd5 34.
Nxg4 Qh5 35. Qc4+ Kh8 36. Qe6 Rg8 37. Qf6+ Rg7 0-1

[Event "I Torneo internazionale A"]
[Site "Alghero ITA"]
[Date "2011.08.28"]
[Round "3"]
[White "Ulibin, Mikhail"]
[Black "Rombaldoni, Axel"]
[Result "0-1"]
[WhiteElo "2538"]
[BlackElo "2459"]
[PlyCount "134"]
[EventDate "2011.08.26"]

1. d4 Nf6 2. c4 g6 3. Nc3 d5 4. cxd5 Nxd5 5. Bd2 Bg7 6. e4 Nb6 7. Be3 O-O 8. h3
Nc6 9. Nf3 f5 10. exf5 gxf5 11. Qd2 f4 12. Bxf4 Nxd4 13. Nxd4 Qxd4 14. Qxd4
Bxd4 15. Bg3 Be6 16. Rc1 c6 17. Be2 Rad8 18. b3 Bg7 19. Bg4 Bf7 20. Ne4 Rd4 21.
Nc5 h5 22. Bf3 h4 23. Bh2 Bd5 24. Bxd5+ Nxd5 25. O-O Rd2 26. Ne6 Bb2 27. Nxf8
Bxc1 28. Ng6 Ba3 29. Nxh4 Rxa2 30. Be5 Bc5 31. Nf5 Nb4 32. g4 Nd3 33. Bd4 Bxd4
34. Nxd4 c5 35. Nf5 e6 36. Nd6 Rb2 37. Ra1 a6 38. Nxb7 c4 39. bxc4 Rxb7 40.
Rxa6 Kf7 41. Ra3 Nf4 42. Kh2 e5 43. Kg3 Rb4 44. Ra7+ Kf6 45. Ra6+ Ne6 46. f3
Rxc4 47. h4 Rc3 48. Kf2 Ke7 49. Ra7+ Kd6 50. Ra6+ Kd5 51. Ra5+ Kd4 52. Ra4+ Kd3
53. Re4 Rc5 54. Kg3 Rd5 55. g5 Nc5 56. Rb4 Ke3 57. g6 Rd1 58. h5 Rg1+ 59. Kh2
Rg5 60. Rh4 Nd3 61. Rg4 Rxh5+ 62. Kg1 Rh8 63. g7 Rg8 64. Kg2 Nf4+ 65. Kg3 Rxg7
66. Rxg7 Nh5+ 67. Kg4 Nxg7 0-1

[Event "I Torneo internazionale A"]
[Site "Alghero ITA"]
[Date "2011.08.28"]
[Round "3"]
[White "Braga, Fernando Alberto"]
[Black "Vocaturo, Daniele"]
[Result "1-0"]
[WhiteElo "2447"]
[BlackElo "2537"]
[PlyCount "109"]
[EventDate "2011.08.26"]

1. Nf3 Nf6 2. c4 e6 3. g3 d5 4. Bg2 Be7 5. O-O O-O 6. d4 b6 7. cxd5 exd5 8. Nc3
Bb7 9. Bf4 Na6 10. Rc1 c5 11. dxc5 bxc5 12. Ne5 Rb8 13. Qa4 Qe8 14. Rfd1 Qxa4
15. Nxa4 Rfd8 16. Nd3 Rbc8 17. Bh3 Rc6 18. Ne5 Rc7 19. Nxf7 Kxf7 20. Bxc7 Nxc7
21. Nxc5 Bxc5 22. Rxc5 Nce8 23. Rd4 Rd6 24. Ra4 Ba6 25. e3 Kg6 26. f3 h5 27.
Kf2 Rb6 28. b3 Nd6 29. Rc7 Nb5 30. Rc5 Nd6 31. Rc7 Nb5 32. Rc1 Nd6 33. Ra5 Nb7
34. Ra4 Nd6 35. Bf1 Bxf1 36. Kxf1 a6 37. Kf2 Nf5 38. h3 Re6 39. g4 Nd6 40. Rb4
Nf7 41. Rc7 hxg4 42. hxg4 Ne8 43. Rc5 Nf6 44. Ra4 Ne5 45. Ke2 Ned7 46. Rc7 Ne5
47. g5 Nh5 48. Ra7 Nc6 49. R7xa6 d4 50. Rc4 Nf4+ 51. Kd1 Ne5 52. exf4 Rxa6 53.
fxe5 Rxa2 54. Rxd4 Kxg5 55. Re4 1-0

[Event "I Torneo internazionale A"]
[Site "Alghero ITA"]
[Date "2011.08.28"]
[Round "3"]
[White "Piscopo, Pierluigi"]
[Black "De Jong, Jan-Willem"]
[Result "1-0"]
[WhiteElo "2397"]
[BlackElo "2424"]
[PlyCount "109"]
[EventDate "2011.08.26"]

1. e4 e5 2. Nf3 Nc6 3. Bc4 Nf6 4. d3 Bc5 5. Nc3 d6 6. Bg5 h6 7. Bxf6 Qxf6 8.
Nd5 Qd8 9. c3 a6 10. d4 exd4 11. cxd4 Ba7 12. Rc1 Bg4 13. Bxa6 Bxf3 14. Qxf3
O-O 15. Bxb7 Nxd4 16. Qg4 f5 17. Qg6 Qh4 18. Ne3 Nf3+ 19. gxf3 Bxe3 20. Rc2
Rae8 21. Qg3 Qxg3 22. hxg3 Bb6 23. O-O f4 24. Kg2 g5 25. g4 c5 26. Rd1 Rf6 27.
Rc3 Rb8 28. Bd5+ Kf8 29. Rb3 Ke7 30. a4 Rff8 31. Rh1 Ba5 32. Rxb8 Rxb8 33. b3
Rh8 34. Kf1 Kd7 35. Ke2 Bc3 36. Kd3 Bd4 37. a5 Kc7 38. b4 Rb8 39. bxc5 Bxc5 40.
Rxh6 Rb1 41. Rh7+ Kc8 42. Rg7 Bxf2 43. Rxg5 Ra1 44. Rf5 Ra3+ 45. Ke2 Bd4 46.
Rxf4 Rxa5 47. g5 Ra1 48. Rf7 Rg1 49. Be6+ Kd8 50. Bg4 Ke8 51. g6 Rh1 52. Kd3
Ba1 53. Bd7+ Kd8 54. g7 Rg1 55. Bg4 1-0

[Event "I Torneo internazionale A"]
[Site "Alghero ITA"]
[Date "2011.08.28"]
[Round "3"]
[White "Avrukh, Boris"]
[Black "Sgnaolin, Davide"]
[Result "1-0"]
[WhiteElo "2600"]
[BlackElo "2248"]
[PlyCount "55"]
[EventDate "2011.08.26"]

1. d4 Nf6 2. c4 e6 3. Nc3 Bb4 4. e3 O-O 5. Nge2 Re8 6. a3 Bf8 7. d5 d6 8. g3
Nbd7 9. Bg2 Ne5 10. b3 exd5 11. cxd5 h5 12. h3 Bd7 13. e4 c6 14. Bg5 Be7 15.
dxc6 Bxc6 16. O-O Rc8 17. f4 Ng6 18. Ra2 b5 19. Kh1 Qb6 20. Rd2 b4 21. axb4
Qxb4 22. Rd4 Qa5 23. Qa1 Qb6 24. Rfd1 Qb7 25. Qb1 Rb8 26. Rc4 Rbc8 27. Bxf6
Bxf6 28. Rxd6 1-0

[Event "I Torneo internazionale A"]
[Site "Alghero ITA"]
[Date "2011.08.28"]
[Round "3"]
[White "Brunello, Sabino"]
[Black "Guramishvili, Sopiko"]
[Result "1-0"]
[WhiteElo "2552"]
[BlackElo "2329"]
[PlyCount "101"]
[EventDate "2011.08.26"]

1. c4 Nf6 2. g3 e5 3. Bg2 Nc6 4. Nc3 Bc5 5. a3 d6 6. b4 Bb6 7. e3 O-O 8. Nge2
Re8 9. d3 a5 10. b5 Ne7 11. Na4 c6 12. Rb1 Bc7 13. b6 Bb8 14. O-O Be6 15. e4
Nd7 16. f4 f5 17. fxe5 dxe5 18. c5 Nf8 19. Bg5 Qd7 20. Bxe7 Rxe7 21. exf5 Bxf5
22. Be4 Bg4 23. Qb3+ Ne6 24. Rf2 g6 25. Qc4 Kg7 26. Bxc6 Qxc6 27. Qxg4 e4 28.
Qh4 g5 29. Qxe4 Qxe4 30. dxe4 Be5 31. Rd1 Nd8 32. Nd4 Bxd4 33. Rxd4 Nc6 34. Rd5
Rxe4 35. Nc3 Re1+ 36. Kg2 h6 37. Rd7+ Re7 38. Rxe7+ Nxe7 39. Ne4 Rd8 40. Nd6
Rd7 41. Rf7+ Kg6 42. Kf3 Rxd6 43. Rxe7 Rd5 44. Rxb7 Rxc5 45. Rc7 Rb5 46. b7 Kh5
47. h3 Rb3+ 48. Ke4 g4 49. h4 Kg6 50. Kd5 Kf5 51. Kc4 1-0

[Event "I Torneo internazionale A"]
[Site "Alghero ITA"]
[Date "2011.08.28"]
[Round "3"]
[White "Collutiis, Duilio"]
[Black "Granaldi, Alessandro"]
[Result "1-0"]
[WhiteElo "2468"]
[BlackElo "2089"]
[PlyCount "79"]
[EventDate "2011.08.26"]

1. g3 Nf6 2. Bg2 g6 3. e4 d6 4. d4 Bg7 5. Ne2 O-O 6. O-O e5 7. Nbc3 Na6 8. h3
exd4 9. Nxd4 Re8 10. Nb3 Nb8 11. Re1 Nc6 12. Kh2 a5 13. a4 Be6 14. Nd5 Bxd5 15.
exd5 Rxe1 16. Qxe1 Nb4 17. Qd1 c6 18. dxc6 bxc6 19. c3 Nbd5 20. Nd4 Qb6 21. Ra3
Re8 22. Rb3 Qc5 23. Rb7 h5 24. Qb3 h4 25. Bg5 hxg3+ 26. fxg3 Re1 27. Bd2 Ra1
28. Rb8+ Kh7 29. Qb7 Rxa4 30. Nf3 Ne4 31. Qxf7 Nxd2 32. Ng5+ Kh6 33. Ne6 Nf3+
34. Qxf3 Qa7 35. Re8 Ra1 36. h4 Qg1+ 37. Kh3 Qe3 38. Qxe3+ Nxe3 39. Nxg7 Nxg2
40. Ne6 1-0

[Event "I Torneo internazionale A"]
[Site "Alghero ITA"]
[Date "2011.08.28"]
[Round "3"]
[White "Paikidze, Nazi"]
[Black "Deruda, Leonardo"]
[Result "1-0"]
[WhiteElo "2416"]
[BlackElo "1943"]
[PlyCount "61"]
[EventDate "2011.08.26"]

1. d4 d6 2. Nf3 Nf6 3. c4 g6 4. Nc3 Bf5 5. g3 Ne4 6. Nxe4 Bxe4 7. Bg2 Bg7 8.
O-O O-O 9. Qb3 Nd7 10. Rd1 Rb8 11. Be3 c6 12. d5 c5 13. Nd2 Bxg2 14. Kxg2 f5
15. f4 Qe8 16. Nf3 h6 17. Rab1 Nf6 18. Qa3 e6 19. b4 exd5 20. bxc5 Ng4 21. Bf2
dxc5 22. Qxc5 dxc4 23. Qxc4+ Kh8 24. Rb3 Nxf2 25. Kxf2 Rc8 26. Qd3 Qe7 27. Nh4
Kh7 28. Qd6 Qf7 29. Re3 Bf6 30. Qe6 Bxh4 31. Rd7 1-0

[Event "I Torneo internazionale A"]
[Site "Alghero ITA"]
[Date "2011.08.28"]
[Round "3"]
[White "Bonafede, Alessandro"]
[Black "Valsecchi, Alessio"]
[Result "1/2-1/2"]
[WhiteElo "2364"]
[BlackElo "2354"]
[PlyCount "37"]
[EventDate "2011.08.26"]

1. e4 d5 2. exd5 Qxd5 3. Nc3 Qa5 4. d4 Nf6 5. Nf3 c6 6. Bc4 Bf5 7. Bd2 e6 8.
Qe2 Bb4 9. O-O-O Nbd7 10. a3 Bxc3 11. Bxc3 Qc7 12. Ne5 Nxe5 13. dxe5 Nd5 14.
Bd2 O-O-O 15. g4 Bg6 16. f4 h5 17. h3 hxg4 18. hxg4 Rxh1 19. Rxh1 1/2-1/2

[Event "I Torneo internazionale A"]
[Site "Alghero ITA"]
[Date "2011.08.29"]
[Round "4"]
[White "Gleizerov, Evgeny"]
[Black "Rombaldoni, Axel"]
[Result "1-0"]
[WhiteElo "2590"]
[BlackElo "2459"]
[PlyCount "71"]
[EventDate "2011.08.26"]

1. f4 Nf6 2. Nf3 c5 3. e3 g6 4. d4 cxd4 5. exd4 Bg7 6. Bd3 O-O 7. O-O d6 8. c3
Nc6 9. Qe1 e6 10. Na3 Rb8 11. Nc2 b5 12. a4 a6 13. axb5 axb5 14. Bd2 Re8 15.
Qh4 Na5 16. Nb4 Bb7 17. Bxb5 Bxf3 18. Bxe8 Nb3 19. Rxf3 Qxe8 20. Rd1 Ne4 21.
Be3 Qa4 22. Rff1 d5 23. f5 exf5 24. Nxd5 Na5 25. Ra1 Qb5 26. Rxa5 Qxa5 27. Ne7+
Kh8 28. Nc6 Qb5 29. Nxb8 Qxb8 30. Qe7 h6 31. Qb4 Qe8 32. Bf4 Kh7 33. Qa5 Qc6
34. Qc7 Qd5 35. Be5 f6 36. c4 1-0

[Event "I Torneo internazionale A"]
[Site "Alghero ITA"]
[Date "2011.08.29"]
[Round "4"]
[White "Piscopo, Pierluigi"]
[Black "Kogan, Artur"]
[Result "0-1"]
[WhiteElo "2397"]
[BlackElo "2548"]
[PlyCount "112"]
[EventDate "2011.08.26"]

1. e4 d5 2. exd5 Qxd5 3. Nc3 Qa5 4. Nf3 Nf6 5. Be2 g6 6. Rb1 c6 7. b4 Qc7 8.
Bb2 Bg7 9. Ne4 Nbd7 10. Nxf6+ Nxf6 11. Be5 Qd7 12. Qc1 O-O 13. Qb2 b5 14. O-O
a5 15. a3 Qd5 16. Ra1 Bf5 17. d3 Bh6 18. h3 Qd7 19. Nd4 Nd5 20. Nxf5 gxf5 21.
c4 Nf4 22. Rad1 axb4 23. axb4 Ng6 24. Bc3 Bf4 25. g3 Bc7 26. f4 f6 27. d4 Qe6
28. d5 cxd5 29. cxd5 Qe3+ 30. Kg2 Kh8 31. Rf3 Qb6 32. Kf1 Bd6 33. Qb1 Ra4 34.
Qxf5 Bxb4 35. d6 Bxd6 36. Qxb5 Qa7 37. Qf5 Bc5 38. h4 Rg8 39. Rd7 Qb6 40. Bd3
Ra2 41. Qd5 Rh2 42. Rb7 Qd6 43. Qxd6 Bxd6 44. Bf5 Bc5 45. Rd3 Ra8 46. Rd2 Rh1+
47. Ke2 Rg1 48. h5 Rxg3 49. hxg6 Rxc3 50. gxh7 Re3+ 51. Kd1 Rf3 52. Rb5 Rf1+
53. Kc2 Bd6 54. Kb3 Rxf4 55. Rg2 Rf3+ 56. Kc2 Ra2+ 0-1

[Event "I Torneo internazionale A"]
[Site "Alghero ITA"]
[Date "2011.08.29"]
[Round "4"]
[White "Collutiis, Duilio"]
[Black "Avrukh, Boris"]
[Result "1/2-1/2"]
[WhiteElo "2468"]
[BlackElo "2600"]
[PlyCount "59"]
[EventDate "2011.08.26"]

1. e4 c5 2. Nf3 e6 3. c3 Nf6 4. e5 Nd5 5. d4 cxd4 6. cxd4 d6 7. Bc4 Nc6 8. Qe2
Be7 9. O-O O-O 10. Nc3 dxe5 11. dxe5 Nxc3 12. bxc3 Qa5 13. Bd2 Rd8 14. Rfe1 Bd7
15. Bb3 Be8 16. Rac1 Rd7 17. Qe4 Rc8 18. h4 Qd8 19. Bg5 g6 20. Qf4 Rd3 21. Rcd1
Rc7 22. Bc2 Rxd1 23. Rxd1 Rd7 24. Re1 Qa5 25. Bxe7 Nxe7 26. Qh6 Qxc3 27. Re2
Qc4 28. Ng5 Qxe2 29. Qxh7+ Kf8 30. Qh6+ 1/2-1/2

[Event "I Torneo internazionale A"]
[Site "Alghero ITA"]
[Date "2011.08.29"]
[Round "4"]
[White "Brunello, Sabino"]
[Black "Rombaldoni, Denis"]
[Result "0-1"]
[WhiteElo "2552"]
[BlackElo "2495"]
[PlyCount "85"]
[EventDate "2011.08.26"]

1. c4 c5 2. g3 Nc6 3. Bg2 g6 4. Nf3 Bg7 5. Nc3 e5 6. d3 Nge7 7. O-O d6 8. Ne1
Be6 9. Nc2 d5 10. cxd5 Nxd5 11. Ne3 Nde7 12. Ne4 b6 13. b4 Nxb4 14. Ng5 Rc8 15.
Nxe6 fxe6 16. Bb2 O-O 17. Qb3 Qd7 18. Nc4 Nec6 19. a3 Nd5 20. e3 Rb8 21. Qc2
Rfc8 22. Nd2 b5 23. Ne4 c4 24. dxc4 bxc4 25. Rad1 Qe7 26. h4 Na5 27. Ng5 c3 28.
Bc1 Rc5 29. Rd3 h6 30. Ne4 Rc4 31. Rfd1 Kh8 32. Rxd5 exd5 33. Rxd5 Qb7 34. Ng5
hxg5 35. Qxg6 Rc6 36. Qxg5 Qb1 37. Kh2 Rg6 38. Rd8+ Rxd8 39. Qxd8+ Kh7 40. Qxa5
Qxc1 41. Be4 Qf1 42. Bxg6+ Kxg6 43. Qa6+ 0-1

[Event "I Torneo internazionale A"]
[Site "Alghero ITA"]
[Date "2011.08.29"]
[Round "4"]
[White "Bonafede, Alessandro"]
[Black "Ulibin, Mikhail"]
[Result "0-1"]
[WhiteElo "2364"]
[BlackElo "2538"]
[PlyCount "86"]
[EventDate "2011.08.26"]

1. e4 e6 2. d4 d5 3. e5 c5 4. Nf3 Nc6 5. Bd3 cxd4 6. O-O Nge7 7. Bf4 Ng6 8. Bg3
Be7 9. Re1 f5 10. exf6 gxf6 11. Nxd4 Nxd4 12. Bxg6+ hxg6 13. Qxd4 e5 14. Bxe5
fxe5 15. Qxe5 Kf7 16. Nc3 Rh5 17. Qe2 Bd6 18. h3 Bd7 19. Rad1 Bc6 20. Rd3 Kg7
21. Red1 Qd7 22. Qd2 Rd8 23. a4 a6 24. Qe3 Kh7 25. Kf1 Bc7 26. b4 b5 27. a5 Rf5
28. g4 Re5 29. Qa7 g5 30. Rf3 Ra8 31. Qd4 Qe7 32. Qd3+ Kh6 33. h4 gxh4 34. Qd2+
Kg7 35. Ne2 d4 36. Nxd4 Bxf3 37. Nxf3 Rd8 38. Nd4 Qf6 39. Qc3 Rf8 40. Rd2 Bb8
41. g5 Rxg5 42. Ne6+ Kh6 43. Nd4 Kg7 0-1

[Event "I Torneo internazionale A"]
[Site "Alghero ITA"]
[Date "2011.08.30"]
[Round "5"]
[White "Kogan, Artur"]
[Black "Gleizerov, Evgeny"]
[Result "1-0"]
[WhiteElo "2548"]
[BlackElo "2590"]
[PlyCount "53"]
[EventDate "2011.08.26"]

1. e4 e6 2. d4 d5 3. Nc3 Nf6 4. Bg5 Be7 5. e5 Nfd7 6. h4 h6 7. Be3 c5 8. Qg4 g6
9. Nf3 cxd4 10. Bxd4 Nc6 11. O-O-O Nxd4 12. Rxd4 a6 13. Bd3 Qc7 14. Re1 Rg8 15.
Qf4 Bc5 16. Rxd5 exd5 17. Nxd5 Qb8 18. Qxh6 Bf8 19. Qe3 Qa7 20. Qg5 Qc5 21. e6
fxe6 22. Bxg6+ Rxg6 23. Qxg6+ Kd8 24. Qxe6 Bh6+ 25. Kb1 Qf8 26. Ne5 Nxe5 27.
Qxe5 1-0

[Event "I Torneo internazionale A"]
[Site "Alghero ITA"]
[Date "2011.08.30"]
[Round "5"]
[White "Rombaldoni, Axel"]
[Black "Vocaturo, Daniele"]
[Result "1/2-1/2"]
[WhiteElo "2459"]
[BlackElo "2537"]
[PlyCount "69"]
[EventDate "2011.08.26"]

1. e4 e5 2. Nf3 Nc6 3. Bb5 a6 4. Ba4 Nf6 5. O-O Be7 6. Re1 b5 7. Bb3 d6 8. c3
O-O 9. h3 Nb8 10. d4 Nbd7 11. Nbd2 Bb7 12. Bc2 Re8 13. Nf1 Bf8 14. Ng3 g6 15.
a4 Bg7 16. Bd3 c6 17. Bg5 h6 18. Bd2 exd4 19. cxd4 c5 20. axb5 axb5 21. Rxa8
Bxa8 22. Bxb5 cxd4 23. Nxd4 Nxe4 24. Nxe4 Rxe4 25. Rxe4 Bxe4 26. Bc3 Nc5 27. b4
Bb7 28. Bc6 Ne4 29. Bb2 Qf6 30. Qe2 Bxc6 31. Nxc6 Qxb2 32. Qxe4 Qc1+ 33. Kh2
Bf6 34. b5 d5 35. Qxd5 1/2-1/2

[Event "I Torneo internazionale A"]
[Site "Alghero ITA"]
[Date "2011.08.30"]
[Round "5"]
[White "Ulibin, Mikhail"]
[Black "Piscopo, Pierluigi"]
[Result "1-0"]
[WhiteElo "2538"]
[BlackElo "2397"]
[PlyCount "129"]
[EventDate "2011.08.26"]

1. Nf3 Nf6 2. c4 g6 3. Nc3 Bg7 4. e4 O-O 5. d4 c6 6. Bd3 d6 7. O-O Bg4 8. h3
Bxf3 9. Qxf3 Qb6 10. Ne2 Nbd7 11. Rb1 e5 12. d5 cxd5 13. cxd5 Rfc8 14. Bg5 a6
15. Nc1 Nh5 16. g3 Bf6 17. Be3 Qd8 18. h4 Nc5 19. Bc2 Bg7 20. Ne2 Nf6 21. Rfc1
Qd7 22. b4 Na4 23. Bb3 h5 24. Bg5 Ng4 25. Qd3 Nb6 26. f3 Nf6 27. Be3 Qd8 28. a4
Kh7 29. a5 Nbd7 30. Ba4 Bh6 31. Bg5 b5 32. Bb3 Bxg5 33. hxg5 Ng8 34. Qe3 Ne7
35. Rf1 f5 36. gxf6 Nxf6 37. Kg2 Kg7 38. Rh1 Neg8 39. Rh4 Qc7 40. Rbh1 Qa7 41.
Qd2 Rf8 42. Rc1 Nh6 43. Ng1 Nhg4 44. Re1 Nh6 45. Nh3 Nf7 46. Nf2 Rac8 47. Rhh1
Rc7 48. Re3 Qb8 49. Rc1 Rfc8 50. Rec3 Rxc3 51. Rxc3 Rxc3 52. Qxc3 Qa7 53. Bd1
h4 54. gxh4 Nh5 55. Nh3 Qe7 56. f4 Qxh4 57. Bxh5 Qxh5 58. Qf3 Qh4 59. Qg3 Qh5
60. f5 Qe2+ 61. Nf2 g5 62. Qg4 Qd2 63. Qh5 Qf4 64. Qg6+ Kf8 65. f6 1-0